| 000 | 00488cam a2200181ua 4500 | ||
|---|---|---|---|
| 020 |
_a81-204-0208-1 _c96.00 |
||
| 041 |
_aeng _h |
||
| 082 |
_a551.48 _bBER/HY |
||
| 100 | _aBeran, M.A and Rodies.J.A . | ||
| 245 |
_aHydrological aspects of draught / _cJ.A M A and Rodies Beran. _hTextual Documents |
||
| 250 |
_a1 / _b. |
||
| 260 |
_a : _bOxford & IBH Publishing company , _c1985. |
||
| 300 | _a149 ; . | ||
| 365 | _a96.00 | ||
| 504 | _a | ||
| 942 | _cBK | ||
| 999 |
_c2027 _d2027 |
||